Association des originaires des pays tchèques et slovaque
| Previous Title: | Association des Originaires de Tchecoslovaquie |
|---|---|
| Format: | Journal |
| Language: | French Slovak Czech |
| PhysicalDescription: | zv. 21-33 cm |
| Published: |
Paris
Association des originaires des pays tchèques et slovaque
1994-
Paris Association des originaires et amis des pays tchèques et slovaque |
| ISSN: | 0767-1423 |
| Subjects: |
MARC
| LEADER | 00000cas a2200000 a 4500 | ||
|---|---|---|---|
| 001 | vtls001357664 | ||
| 003 | SK-MaSNL | ||
| 005 | 20260228155741.0 | ||
| 008 | 201201c19949999fr zx p 0 0b0fre c | ||
| 022 | |y 0767-1423 |y 0787-1423 | ||
| 035 | |a SNK000311166 | ||
| 040 | |a SNK |b slo |c SNK |e AACR2 | ||
| 041 | 0 | |a fre |a slo |a cze | |
| 043 | |a e-fr--- | ||
| 044 | |a fr |c FR | ||
| 072 | 7 | |a 061.2 |x Nevládne organizácie a kooperácia |2 konspekt | |
| 072 | 7 | |a 323 |x Vnútropolitický vývoj, politický život |2 konspekt | |
| 080 | |a 323.113:061.2 |2 2011 | ||
| 080 | |a (=162.4) |2 2011 | ||
| 080 | |a (44) |2 2011 | ||
| 080 | |a 314.15-026.49(051)+(054) |2 2011 | ||
| 245 | 0 | 0 | |a Association des originaires des pays tchèques et slovaque |
| 246 | 1 | 3 | |a Association des originaires et amis des pays tchèques et slovaque |f 2006- |
| 246 | 1 | 3 | |a AOTS |
| 246 | 1 | 3 | |a A.O.T.S |
| 260 | |a Paris |b Association des originaires des pays tchèques et slovaque |c 1994- | ||
| 260 | 3 | |3 2006- |a Paris |b Association des originaires et amis des pays tchèques et slovaque | |
| 300 | |a zv. |c 21-33 cm | ||
| 310 | |a Premenlivá periodicita | ||
| 362 | 0 | |a Roč. 37 [36], č. 3 (máj 1994)- | |
| 500 | |a Text vo franc., slov. a čes. jazyku | ||
| 500 | |a Od č. 244/2001 zmena výšky formátu na 21 cm | ||
| 500 | |a Titul ma vytlačené chybné ISSN, podľa Národnej agentúry ISSN Francúzska titul Association des originaires des pays tchèques et slovaque má pridelené ISSN 1258-8407 | ||
| 515 | |a Od č. 244/2001 už len priebežné číslovanie | ||
| 515 | |a V rokoch 1996 a 2000 chybné číslovanie | ||
| 515 | |a V roku 2005 chybné označenie ročníka | ||
| 610 | 2 | 7 | |a Spolok rodákov a priateľov z českých krajín a Slovenska (Paríž, Francúzsko) |2 SNKKA |9 265261 |
| 650 | 0 | 7 | |a krajanské spolky a organizácie |2 SNKPH |9 103573 |
| 650 | 0 | 7 | |a Slováci v zahraničí |2 SNKPH |9 14695 |
| 651 | 7 | |a Francúzsko |2 SNKPHgeo |9 15907 | |
| 655 | 7 | |a krajanské periodiká |2 SNKPH |9 110004 | |
| 780 | 0 | 0 | |t Association des Originaires de Tchecoslovaquie |x 0767-1423 |w vtls001436705 |
| 910 | |a snk | ||
| 916 | |a 1994-2013, 2017 | ||
| 999 | |c 416 |d 416 | ||
| 952 | |0 0 |1 0 |4 0 |7 0 |8 2 |a SNK |b SNK |d 2013-06-11 |i snkČV 284/2004 |l 0 |o snkČSB 1819/44/2002 D1 |p 17A0869042 |r 2026-02-21 20:13:27 |t č. 248-252, neúplné |w 2026-02-21 |y PREZ |z Chýba č. 249,250. | ||
| 952 | |0 0 |1 0 |4 0 |7 0 |8 2 |a SNK |b SNK |d 2013-06-11 |f 1 |i snk2013/13298 |l 0 |o snkČSB 1819/45/2003 |p 17A0869043 |r 2026-02-21 20:13:27 |t č. 253-257, neúplné |w 2026-02-21 |y PREZ |z Chýba č. 253,256,257. | ||
| 952 | |0 0 |1 0 |4 0 |7 0 |8 2 |a SNK |b SNK |d 2013-06-11 |f 1 |i snk2013/13305 |l 0 |o snkČSB 1819/46/2004-2005 |p 17A0869044 |r 2026-02-21 20:13:27 |t č. 258-263, neúplné |w 2026-02-21 |y PREZ |z Chýba č. 258 ; ; Decembrové číslo 263/2004 vyšlo spoločne s januárovým a febr. číslom 2005 | ||
| 952 | |0 0 |1 0 |4 0 |7 0 |8 2 |a SNK |b SNK |d 2013-06-11 |i snk2013/13309 |l 0 |o snkČSB 1819/46/2004-2005 D1 |p 17A0869045 |r 2026-02-21 20:13:27 |t č. 258-263, neúplné |w 2026-02-21 |y PREZ |z Chýba č. 258,259,261-263; Decembrové číslo 263/2004 vyšlo spoločne s januárovým a febr. číslom 2005 | ||
| 952 | |0 0 |1 0 |4 0 |7 0 |8 2 |a SNK |b SNK |d 2013-06-11 |f 1 |i snk2013/13311 |l 0 |o snkČSB 1819/49[47]/2005 |p 17A0869046 |r 2026-02-21 20:13:27 |t č. 264-268,neúplné |w 2026-02-21 |y PREZ |z Chýba č. 268. | ||
| 952 | |0 0 |1 0 |4 0 |7 0 |8 2 |a SNK |b SNK |d 2013-06-11 |f 1 |i snk2013/13314 |l 0 |o snkČSB 1819/48/2006 |p 17A0869047 |r 2026-02-21 20:13:27 |t č. 269-275 |w 2026-02-21 |y PREZ | ||
| 952 | |0 0 |1 0 |4 0 |7 0 |8 2 |a SNK |b SNK |d 2013-06-11 |i snk2013/13316 |l 0 |o snkČSB 1819/48/2006 D1 |p 17A0869048 |r 2026-02-21 20:13:27 |t č. 269-275, neúplné |w 2026-02-21 |y PREZ |z Chýba č. 270-275. | ||
| 952 | |0 0 |1 0 |4 0 |7 0 |8 2 |a SNK |b SNK |d 2013-06-11 |f 1 |i snk2013/13319 |l 0 |o snkČSB 1819/50/2008 |p 17A0869049 |r 2026-02-21 20:13:27 |t č. 281-285, neúplné |w 2026-02-21 |y PREZ |z Chýba č. 283,285 | ||
| 952 | |0 0 |1 0 |4 0 |7 0 |8 2 |a SNK |b SNK |d 2013-06-11 |f 1 |i snk2013/13322 |l 0 |o snkČSB 1819/52/2010 |p 17A0869050 |r 2026-02-21 20:13:27 |t len č. 297, neúplné |w 2026-02-21 |y PREZ | ||
| 952 | |0 0 |1 0 |4 0 |7 0 |8 2 |a SNK |b SNK |d 2013-06-11 |f 1 |i snk2013/13325 |l 0 |o snkČSB 1819/53/2011 |p 17A0869051 |r 2026-02-21 20:13:27 |t č. 298-303, neúplné |w 2026-02-21 |y PREZ |z Chýba č. 298,301-303 | ||
| 952 | |0 0 |1 0 |4 0 |7 0 |8 2 |a SNK |b SNK |d 2017-09-27 |i snkČV 805/2001 |l 0 |o snkČSB 1819/36/1994/2 D1 |p 17A1264112 |r 2026-02-21 20:40:42 |t č. 3-6 (200-203), neúplné |w 2026-02-21 |y PREZ |z Chýba č. 200-201 | ||
| 952 | |0 0 |1 0 |4 0 |7 0 |8 2 |a SNK |b SNK |d 2017-09-27 |i snkČV 803/2001 |l 0 |o snkČSB 1819/37/1995 D1 |p 17A1264113 |r 2026-02-21 20:40:42 |t č. 1-6 (204-209), neúplné |w 2026-02-21 |y PREZ |z Chýba č. 204,208 | ||
| 952 | |0 0 |1 0 |4 0 |7 0 |8 2 |a SNK |b SNK |d 2017-09-27 |f 1 |i snkČV 802/2001 |l 0 |o snkČSB 1819/37/1995 |p 17A0922609 |r 2026-02-21 20:40:44 |t č. 1-6 (204-209) |w 2026-02-21 |y PREZ | ||
| 952 | |0 0 |1 0 |4 0 |7 0 |8 2 |a SNK |b SNK |d 2017-09-27 |f 1 |i snkČV 804/2001 |l 0 |o snkČSB 1819/36/1994/2 |p 17A1264090 |r 2026-02-21 20:40:44 |t č. 3-6 (200-203) |w 2026-02-21 |y PREZ |z Zviazané spoločne s: Association des Originaires de Tchecoslovaquie, ČSB 1819/36/1994/1 | ||
| 952 | |0 0 |1 0 |4 0 |7 0 |8 2 |a SNK |b SNK |d 2017-10-09 |f 1 |i snkČV 800/2001 |l 0 |o snkČSB 1819/38/1996 |p 17A0922660 |r 2026-02-21 21:55:50 |t č. 1-7 (210-216), neúplné |w 2026-02-21 |y PREZ |z Chýba č. 1 (210) | ||
| 952 | |0 0 |1 0 |4 0 |7 0 |8 2 |a SNK |b SNK |d 2017-10-09 |i snkČV 801/2001 |l 0 |o snkČSB 1819/38/1996 D1 |p 17A1264148 |r 2026-02-21 21:55:50 |t č. 1-7 (210-216), neúplné |w 2026-02-21 |y PREZ |z Chýba č. 210, 212, 214-216 | ||
| 952 | |0 0 |1 0 |4 0 |7 0 |8 2 |a SNK |b SNK |d 2017-09-28 |f 1 |i snkČV 1176/2002 |l 0 |o snkČSB 1819/42/2000 |p 17A0922667 |r 2026-02-21 21:55:51 |t č. 1-6 (236-241) |w 2026-02-21 |y PREZ | ||
| 952 | |0 0 |1 0 |4 0 |7 0 |8 2 |a SNK |b SNK |d 2017-09-28 |i snkČV 1177/2002 |l 0 |o snkČSB 1819/42/2000 D1 |p 17A1264117 |r 2026-02-21 21:55:51 |t č. 1-6 (236-241), neúpné |w 2026-02-21 |y PREZ |z Chýba č. 240,241 | ||
| 952 | |0 0 |1 0 |4 0 |7 0 |8 2 |a SNK |b SNK |d 2017-09-28 |f 1 |i snkČV 1422/2003 |l 0 |o snkČSB 1819/43/2001 |p 17A0938865 |r 2026-02-21 21:55:51 |t č. 242-247 |w 2026-02-21 |y PREZ | ||
| 952 | |0 0 |1 0 |4 0 |7 0 |8 2 |a SNK |b SNK |d 2017-09-28 |i snkČV 1423/2003 |l 0 |o snkČSB 1819/43/2001 D1 |p 17A1264118 |r 2026-02-21 21:55:51 |t č. 242-247, neúplné |w 2026-02-21 |y PREZ |z Chýba č. 244 | ||
| 952 | |0 0 |1 0 |4 0 |7 0 |8 2 |a SNK |b SNK |d 2017-09-28 |f 1 |i snkČV 283/2004 |l 0 |o snkČSB 1819/44/2002 |p 17A0939079 |r 2026-02-21 21:55:51 |t č. 248-252 |w 2026-02-21 |y PREZ | ||
| 952 | |0 0 |1 0 |4 0 |7 0 |8 2 |a SNK |b SNK |d 2017-09-29 |f 1 |i snk2017/21094 |l 0 |o snkČSB 1819/49/2007 |p 17A1264119 |r 2026-02-21 21:56:28 |t č. 276-280, neúplné |w 2026-02-21 |y PREZ |z Chýba č. 277-279 | ||
| 952 | |0 0 |1 0 |4 0 |7 0 |8 2 |a SNK |b SNK |d 2017-09-28 |f 1 |i snkČV 799/2001 |l 0 |o snkČSB 1819/39/1997 |p 17A0922661 |r 2026-02-21 21:56:42 |t č. 1-7 (217-223), neúplné |w 2026-02-21 |y PREZ |z Chýba č. 217 | ||
| 952 | |0 0 |1 0 |4 0 |7 0 |8 2 |a SNK |b SNK |d 2017-09-28 |i snkČV 1173/2002 |l 0 |o snkČSB 1819/39/1997 D1 |p 17A1264114 |r 2026-02-21 21:56:42 |t č. 1-7 (217-223), neúplné |w 2026-02-21 |y PREZ |z Chýba č. 217, 220, 222, 223 | ||
| 952 | |0 0 |1 0 |4 0 |7 0 |8 2 |a SNK |b SNK |d 2017-09-28 |f 1 |i snkČV 798/2001 |l 0 |o snkČSB 1819/40/1998-1999 |p 17A0922616 |r 2026-02-21 21:56:42 |t č. 1-7 (224-230), neúplné |w 2026-02-21 |y PREZ |z Chýba č. 228; Decembrové číslo 230/1998 vyšlo spolu s januárom 1999 | ||
| 952 | |0 0 |1 0 |4 0 |7 0 |8 2 |a SNK |b SNK |d 2017-09-28 |i snkČV 1174/2002 |l 0 |o snkČSB 1819/40/1998-1999 D1 |p 17A1264115 |r 2026-02-21 21:56:42 |t č. 1-7 (224-230), neúplné |w 2026-02-21 |y PREZ |z Chýba č. 228; Decembrové číslo 230/1998 vyšlo spolu s januárom 1999 | ||
| 952 | |0 0 |1 0 |4 0 |7 0 |8 2 |a SNK |b SNK |d 2017-09-28 |f 1 |i snkČV 797/2001 |l 0 |o snkČSB 1819/41/1999 |p 17A0922628 |r 2026-02-21 21:56:42 |t č. 1-5 (231-235) |w 2026-02-21 |y PREZ | ||
| 952 | |0 0 |1 0 |4 0 |7 0 |8 2 |a SNK |b SNK |d 2017-09-28 |i snkČV 1175/2002 |l 0 |o snkČSB 1819/41/1999 D1 |p 17A1264116 |r 2026-02-21 21:56:42 |t č. 1-5 (231-235), neúplné |w 2026-02-21 |y PREZ |z Chýba č. 231-232 | ||
| 952 | |0 0 |1 0 |4 0 |7 0 |8 2 |a SNK |b SNK |d 2017-10-09 |i snk2017/21838 |l 0 |o snkČSB 1819/50/2008 D1 |p 17A1264149 |r 2026-02-21 22:04:30 |t č. 281-285, neúplné |w 2026-02-21 |y PREZ |z Chýba č. 282-285 | ||
| 952 | |0 0 |1 0 |4 0 |7 0 |8 2 |a SNK |b SNK |d 2017-10-10 |f 1 |i snk2017/21889 |l 0 |o snkČSB 1819/54/2012 |p 17A1264150 |r 2026-02-21 22:04:30 |t č. 304-309, neúplné |w 2026-02-21 |y PREZ |z Chýba č. 308-309 | ||
| 952 | |0 0 |1 0 |4 0 |7 0 |8 2 |a SNK |b SNK |d 2017-10-10 |f 1 |i snk2017/21891 |l 0 |o snkČSB 1819/55/2013 |p 17A1264151 |r 2026-02-21 22:04:30 |t č. 310-315, neúplné |w 2026-02-21 |y PREZ |z Chýba č. 310-311,313 | ||
| 952 | |0 0 |1 0 |4 0 |7 0 |8 2 |a SNK |b SNK |d 2020-11-02 |f 1 |i snk2020/20285 |l 0 |o snkČSB 1819/59/2017 |p 17A1432232 |r 2026-02-21 22:23:37 |t č. 334-339, neúplné |w 2026-02-21 |y PREZ |z Chýba č. 337, 339 | ||


